000
00252nam a22001097a 4500
003
OSt
008
231114b |||||||| |||| 00| 0 eng d
041
_a
eng
100
_a
Bridges, Robert
_9
5608
245
_a
Poetical works of Robert Bridges /
942
_c
BK
999
_c
17818
_d
17818